|
|
|
|
| LEADER |
00000nab a2200000 a 4500 |
| 001 |
vtls008950105 |
| 003 |
SK-MaSNL |
| 005 |
20260304144051.0 |
| 008 |
250505c2007 xo zr|p|||||||000 b|slo |
| 015 |
|
|
|a SNBRB2007/03
|2 snkbucl
|
| 035 |
|
|
|a (uuid)ced238f5-9eca-40b0-b272-c668f5987fdd
|
| 035 |
|
|
|a urn:nbn:sk:snk-abzfm
|
| 035 |
|
|
|a (urnnbn)urn:nbn:sk:snk:ar-a0440n
|
| 038 |
|
|
|a SNKBUCL
|
| 040 |
|
|
|a SNKBUCL
|b slo
|c SNKBUCL
|e AACR2
|
| 041 |
0 |
|
|a slo
|
| 044 |
|
|
|a xo
|c SK
|
| 080 |
|
|
|a 796.525.093.1
|2 2001
|
| 080 |
|
|
|a 796.92.093.1
|2 2001
|
| 100 |
1 |
|
|a Šperka, Martin
|4 aut
|9 288009
|
| 245 |
1 |
0 |
|a Lexikón skialpinistu
|c Martin Šperka
|
| 300 |
|
|
|b Fotogr.
|
| 650 |
0 |
7 |
|a skialpinizmus
|2 snkbucl
|9 24168
|
| 650 |
0 |
7 |
|a lexikóny
|2 snkbucl
|9 284067
|
| 773 |
0 |
|
|t Jamesák
|g Roč. XXXIX, č. 1 (2007), s. 17-20
|x 1335-3896
|
| 850 |
|
|
|a Slovenská národná knižnica
|
| 852 |
|
|
|a Slovenská národná knižnica
|
| 954 |
|
|
|a odborná, vedecká literatúra pôvodná (slovenská)
|2 lita
|
| 958 |
|
|
|a article27
|
| 958 |
|
|
|a OND
|
| 958 |
|
|
|a EUIPO
|
| 999 |
|
|
|c 2929190
|d 2931120
|